Type "1" 500 Times - Statistics

General Stats
  • This quiz has been taken 438 times
  • The average score is 334 of 500
Answer Stats
Answer % Correct
1
100%
1
99%
1
97%
1
97%
1
97%
1
97%
1
97%
1
97%
1
96%
1
96%
1
96%
1
96%
1
96%
1
96%
1
96%
1
95%
1
95%
1
95%
1
95%
1
95%
1
95%
1
95%
1
95%
1
95%
1
95%
1
94%
1
94%
1
94%
1
94%
1
94%
1
94%
1
94%
1
94%
1
94%
1
94%
1
94%
1
94%
1
93%
1
93%
1
93%
1
93%
1
93%
1
93%
1
93%
1
93%
1
93%
1
93%
1
93%
1
93%
1
93%
1
93%
1
93%
1
93%
1
93%
1
93%
1
92%
1
92%
1
92%
1
92%
1
91%
1
91%
1
91%
1
91%
1
91%
1
91%
1
91%
1
91%
1
91%
1
91%
1
91%
1
91%
1
91%
1
91%
1
91%
1
91%
1
91%
1
91%
1
91%
1
91%
1
91%
1
91%
1
91%
1
91%
1
91%
1
91%
1
91%
1
91%
1
91%
1
91%
1
91%
1
91%
1
91%
1
91%
1
91%
1
91%
1
91%
1
91%
1
91%
1
91%
1
91%
1
91%
1
91%
1
91%
1
91%
1
91%
1
91%
1
91%
1
91%
1
91%
1
91%
1
91%
1
91%
1
91%
1
91%
1
91%
1
91%
1
91%
1
91%
1
91%
1
91%
1
91%
1
91%
1
91%
1
91%
1
91%
1
90%
1
90%
1
90%
1
90%
1
90%
1
90%
1
90%
1
90%
1
90%
1
90%
1
90%
1
90%
1
90%
1
90%
1
90%
1
90%
1
90%
1
90%
1
90%
1
90%
1
90%
1
90%
1
90%
1
89%
1
89%
1
89%
1
88%
1
88%
1
88%
1
88%
1
88%
1
88%
1
88%
1
88%
1
88%
1
88%
1
88%
1
88%
1
88%
1
88%
1
88%
1
88%
1
88%
1
88%
1
88%
1
88%
1
88%
1
88%
1
88%
1
88%
1
88%
1
88%
1
88%
1
88%
1
88%
1
88%
1
87%
1
87%
1
87%
1
87%
1
87%
1
87%
1
87%
1
87%
1
87%
1
86%
1
86%
1
86%
1
86%
1
86%
1
86%
1
86%
1
86%
1
85%
1
85%
1
85%
1
85%
1
85%
1
85%
1
85%
1
85%
1
85%
1
84%
1
84%
1
84%
1
84%
1
84%
1
84%
1
84%
1
82%
1
82%
1
82%
1
82%
1
81%
1
81%
1
81%
1
81%
1
81%
1
81%
1
81%
1
81%
1
80%
1
80%
1
80%
1
80%
1
80%
1
80%
1
79%
1
79%
1
79%
1
79%
1
78%
1
78%
1
78%
1
78%
1
78%
1
78%
1
77%
1
77%
1
77%
1
77%
1
77%
1
76%
1
76%
1
76%
1
75%
1
75%
1
75%
1
74%
1
74%
1
74%
1
73%
1
73%
1
73%
1
73%
1
72%
1
72%
1
72%
1
72%
1
72%
1
71%
1
71%
1
71%
1
71%
1
70%
1
70%
1
70%
1
70%
1
70%
1
70%
1
70%
1
70%
1
70%
1
69%
1
68%
1
68%
1
67%
1
66%
1
66%
1
66%
1
66%
1
66%
1
65%
1
64%
1
64%
1
64%
1
63%
1
63%
1
62%
1
61%
1
61%
1
61%
1
61%
1
61%
1
59%
1
58%
1
57%
1
57%
1
57%
1
56%
1
56%
1
56%
1
55%
1
55%
1
55%
1
55%
1
53%
1
53%
1
53%
1
52%
1
51%
1
51%
1
51%
1
51%
1
51%
1
51%
1
49%
1
49%
1
48%
1
48%
1
48%
1
48%
1
48%
1
47%
1
47%
1
47%
1
46%
1
46%
1
46%
1
45%
1
45%
1
45%
1
45%
1
45%
1
45%
1
45%
1
45%
1
44%
1
43%
1
43%
1
43%
1
43%
1
43%
1
43%
1
42%
1
42%
1
41%
1
41%
1
41%
1
41%
1
41%
1
41%
1
41%
1
41%
1
41%
1
40%
1
40%
1
40%
1
40%
1
40%
1
40%
1
40%
1
40%
1
40%
1
39%
1
39%
1
39%
1
39%
1
39%
1
39%
1
39%
1
39%
1
39%
1
39%
1
39%
1
39%
1
39%
1
38%
1
38%
1
38%
1
38%
1
38%
1
37%
1
36%
1
36%
1
36%
1
36%
1
36%
1
36%
1
36%
1
36%
1
36%
1
36%
1
36%
1
36%
1
36%
1
36%
1
35%
1
35%
1
35%
1
35%
1
35%
1
35%
1
35%
1
34%
1
34%
1
34%
1
34%
1
34%
1
34%
1
34%
1
34%
1
34%
1
34%
1
34%
1
34%
1
34%
1
34%
1
34%
1
34%
1
34%
1
34%
1
34%
1
34%
1
34%
1
34%
1
34%
1
34%
1
34%
1
33%
1
33%
1
33%
1
33%
1
33%
1
33%
1
33%
1
33%
1
33%
1
33%
1
33%
1
33%
1
33%
1
33%
1
33%
1
33%
1
33%
1
33%
1
33%
1
33%
1
33%
1
33%
1
33%
1
33%
1
33%
1
33%
1
33%
1
33%
1
33%
1
33%
1
33%
1
33%
1
33%
1
33%
1
33%
1
32%
1
32%
1
32%
1
32%
1
32%
1
32%
1
32%
1
32%
1
32%
1
32%
1
32%
1
32%
1
32%
1
32%
1
32%
1
32%
1
32%
1
32%
1
32%
1
32%
1
32%
1
32%
1
32%
1
32%
1
32%
1
32%
1
32%
1
32%
1
32%
1
32%
1
32%
No matching quizzes found
Score Distribution
Percent of People with Each Score
Percentile by Number Answered
Your Score History
You have not taken this quiz